| 000 | 01580nam a2200205Ii 4500 | ||
|---|---|---|---|
| 008 | 221202s xx 000 0 und d | ||
| 100 | 1 |
_aMadinier, Remy, _eauthor |
|
| 245 | 0 | _aIslam and Politics in Indonesia | |
| 246 | _aThe Masyumi Party between Democracy and Integralism | ||
| 264 | 1 |
_aSingapore _bNUS Press _c2015 |
|
| 300 | _a1 online resource | ||
| 336 |
_atext _btxt _2rdacontent |
||
| 337 |
_acomputer _bc _2rdamedia |
||
| 338 |
_aonline resource _bcr _2rdacarrier |
||
| 520 | _aThe Masyumi Party, which was active in Indonesia from 1945 to 1960, constitutes the boldest attempt to date at reconciling Islam and democracy. Masyumi proposed a vision of society and government which was not bound by a literalist application of Islamic doctrine but rather inspired by the values of Islam. It set out moderate policies which were tolerant towards other religious communities in Indonesia. Its achievements were nonetheless precarious: it was eventually outlawed in 1960. Many of its leaders then turned to integralism, a radical doctrine echoing certain characteristics of 19th-century Catholic integralism, which contributed to the advent of Muslim neo-fundamentalism in Indonesia. This book examines the Masyumi Party from its roots in early 20th-century Muslim reformism to its contemporary legacy. | ||
| 653 | _aHistory | ||
| 700 | 1 | _aDesmond, Jeremy | |
| 856 | _uhttps://library.oapen.org/bitstream/20.500.12657/26106/1/1003981.pdfhttps://nuspress.nus.edu.sg/products/islam-and-politics-in-indonesiahttp://library.oapen.org/handle/20.500.12657/26106 | ||
| 942 | _cE-BOOK | ||
| 999 |
_c63456 _d63456 |
||